Knowledge management systems for business / (Record no. 126644)

MARC details
000 -LEADER
fixed length control field 00753cam a22002414a 4500
008 - FIXED-LENGTH DATA ELEMENTS--GENERAL INFORMATION
fixed length control field
020 ## - INTERNATIONAL STANDARD BOOK NUMBER
International Standard Book Number 9789380165011 (hbk. )
049 ## - LOCAL HOLDINGS (OCLC)
Holding library MAIN
090 ## - LOCALLY ASSIGNED LC-TYPE CALL NUMBER (OCLC); LOCAL CALL NUMBER (RLIN)
Classification number (OCLC) (R) ; Classification number, CALL (RLIN) (NR) HD30.2
Local cutter number (OCLC) ; Book number/undivided call number, CALL (RLIN) RAJ
003 - CONTROL NUMBER IDENTIFIER
control field
005 - DATE AND TIME OF LATEST TRANSACTION
control field 20230123122031.0
040 ## - CATALOGING SOURCE
Transcribing agency NUST
100 1# - MAIN ENTRY--PERSONAL NAME
Personal name Rajgure, Arun Kisan.
245 10 - TITLE STATEMENT
Title Knowledge management systems for business /
Statement of responsibility, etc. Arun Kisan Rajgure and Akther Anwar Kaleem.
260 ## - PUBLICATION, DISTRIBUTION, ETC.
Place of publication, distribution, etc. New Delhi :
Name of publisher, distributor, etc. A.K Publications,
Date of publication, distribution, etc. 2013
300 ## - PHYSICAL DESCRIPTION
Extent v, 244 p. ;
Dimensions 22 cm.
504 ## - BIBLIOGRAPHY, ETC. NOTE
Bibliography, etc. note Includes bibliographical references.
650 ## - SUBJECT ADDED ENTRY--TOPICAL TERM
Topical term or geographic name entry element Knowledge management.
650 #0 - SUBJECT ADDED ENTRY--TOPICAL TERM
Topical term or geographic name entry element Management information systems.
700 ## - ADDED ENTRY--PERSONAL NAME
Personal name Kaleem, Akther Anwar.
907 ## - LOCAL DATA ELEMENT G, LDG (RLIN)
a .b10335699
b 18-10-13
c 15-10-13
942 ## - ADDED ENTRY ELEMENTS (KOHA)
Koha item type Ordinary Loan Books
Call number prefix HD30.2
Call number suffix RAJ
Holdings
Date last seen Total Checkouts Full call number Barcode Cost, replacement price Price effective from Koha item type Lost status Source of classification or shelving scheme Damaged status Not for loan Collection Withdrawn status Home library Current library Shelving location Date acquired Cost, normal purchase price
01/23/2023   HD30.2 RAJ 92004034419 80.00 01/23/2023 BOOKS   LCC     NFIC   MAIN MAIN GEN 01/23/2023 80.00